El mito del eterno retorno

Furkejuvvon:
Bibliográfalaš dieđut
Váldodahkki: Eliade, Mircea
Materiálatiipa: Girji
Giella:Undetermined
Almmustuhtton: San José, Costa Rica Universidad de Costa Rica 1986
Fáttát:
Fáddágilkorat: Lasit fáddágilkoriid
Eai fáddágilkorat, Lasit vuosttaš fáddágilkora!

MARC

LEADER 00000nam a2200000Ia 4500
008 170316s9999 xx 000 0 und d
090 |a 291 E-1m 
100 |a Eliade, Mircea 
245 |a El mito del eterno retorno 
260 |a San José, Costa Rica 
260 |b Universidad de Costa Rica 
260 |c 1986 
300 |a 161 páginas 
650 |a MITOLOGÍA 
040 |a cru BVZT 
942 0 0 |0 2 
999 |c 18124  |d 18124